INFORME DE LA CONFERENCIA INTERNACIONAL SOBRE POBLACION Y DESARROLLO EL CAIRO 9 AL 13 DE SEPTIEMBRE DEL 1994 (Record no. 1681)

MARC details
000 -LEADER
campo de control de longitud fija 00714nam a22001817a 4500
001 - NÚMERO DE CONTROL
campo de control 6990
005 - FECHA Y HORA DE LA ÚLTIMA TRANSACCIÓN
campo de control 20250602012212.0
008 - DATOS DE LONGITUD FIJA--INFORMACIÓN GENERAL
campo de control de longitud fija 5230201998 dr
082 ## - NÚMERO DE LA CLASIFICACIÓN DECIMAL DEWEY
Número de clasificación RD 613.94
Número de ítem In38i
111 ## - ENTRADA PRINCIPAL--NOMBRE DE CONGRESO/REUNIÓN
Nombre de congreso/reunión o jurisdicción como elemento de entrada CONFERENCIA INTERNACIONAL SOBRE POBLACION Y DESARROLLO
245 ## - MENCIÓN DEL TÍTULO
Título INFORME DE LA CONFERENCIA INTERNACIONAL SOBRE POBLACION Y DESARROLLO EL CAIRO 9 AL 13 DE SEPTIEMBRE DEL 1994
Mención de responsabilidad, etc. Editado por Vianco Martínez y Octavio Estrella.
250 ## - MENCION DE EDICION
Mención de edición 2a. ed.
260 ## - PUBLICACIÓN, DISTRIBUCIÓN, ETC.
Lugar de publicación, distribución, etc. Santo Domingo :
Nombre del editor, distribuidor, etc. AMIGO DEL HOGAR
300 ## - DESCRIPCIÓN FÍSICA
Extensión 254 p. / 23 cm
505 ## - NOTA DE CONTENIDO CON FORMATO
Nota de contenido con formato Incluyee Tabla de Contenido
650 ## - PUNTO DE ACCESO ADICIONAL DE MATERIA--TÉRMINO DE MATERIA
Término de materia o nombre geográfico como elemento de entrada 1 CONTROL NATAL 2 CRECIMIENTO Y DESARROLLO POBLACIONAL
700 ## - ENTRADA AGREGADA--NOMBRE PERSONAL
Nombre de persona I MARTINEZ VIANCO EDT II ESTRELLA OCTAVIO EDT
Holdings
Estatus retirado Estado de pérdida Estado de daño No para préstamo Colección Biblioteca de origen Biblioteca actual Fecha de adquisición Total de préstamos Signatura topográfica completa Código de barras Visto por última vez Copia número Precio de reemplazo Tipo de ítem Koha
        Acervo general de Libros Biblioteca Central Mons. Favio M. Rivas S. Biblioteca Central Mons. Favio M. Rivas S. 21/05/2014   RD 613.94 000000002231 23/05/2025 1 23/05/2025 Libros